Quiz o Sosnowcu - Statystyki

Ogólne statystyki
  • Ten quiz został rozwiązany 105 razy
    102 od ostatniego zresetowania
  • Średni wynik to 15 z 29
Statystyki odpowiedzi
Hint Odpowiedź % Poprawnych
Ilu sąsiadów posiada Sosnowiec 7
94%
Ile kolorów ma flaga Sosnowca 2
83%
Ile dzielnic ma Sosnowiec 18
81%
Jak nazywa się najlepszy klub piłkarski w Sosnowcu Zagłębie Sosnowiec
78%
Litery na Sosnowieckiej rejestracji samochodowej SO
74%
Jaki jest największy powierzchniowo sąsiad Sosnowca Dąbrowa Górnicza
69%
W którym roku powstał najlepszy klub piłkarski w Sosnowcu 1906
65%
Jakim numerem zaczyna się kod pocztowy Sosnowca 41
65%
W którym roku powstało miasto Sosnowiec 1902
56%
Jak potocznie nazywany jest Plac Stulecia w centrum miasta Patelnia
56%
Do jakiego miasta (do 1953 roku) należała dzielnica Jęzor Jaworzno
55%
Najbardziej znany zbiornik wodny w Sosnowcu Stawiki
55%
Jakie barwy ma najlepszy klub piłkarski w Sosnowcu Czerwony, Zielony, Biały
54%
Jaka jest największa dzielnica Sosnowca Zagórze
53%
Jak nazywa się najwyższy budynek w Sosnowcu Żyleta
53%
Jak potocznie nazywany jest budynek Wydziału Nauk Przyrodniczych Uniwersytetu Śląskiego w dzielnicy Pogoń Żyleta
46%
Jak nazywa się drugi najlepszy klub piłkarski w Sosnowcu Czarni Sosnowiec
45%
W jakiej dzielnicy znajduje się jeden z 3 w Polsce outletów z ofertą premium "Designer Outlet" (dawniej Fashion House) Jęzor
44%
W jakiej dzielnicy co roku rozgrywają się finały WOŚP Środula
44%
W jakim parku znajduje się mini zoo Park Miejski Imienia Jacka Kuronia
42%
W jakiej dzielnicy znajduje się stadion najlepszego klubu piłkarskiego w Sosnowcu Stary Sosnowiec
42%
W jakiej dzielnicy znajduję się najwyższy punkt (nie budynek) w Sosnowcu Zagórze
38%
Najstarsza dzielnica Sosnowca Zagórze
36%
Rozwiń skrót ZSH Zagłębie Sosnowiec Hooligans
32%
Jak nazywa się największa hałda w Sosnowcu Górka Środulska
28%
W jakiej dzielnicy znajduje się geodezyjny środek Sosnowca Klimontów
27%
Do jakiej dzielnicy należy Radocha Śródmieście
23%
Jaki jest najstarszy zabytek w Sosnowcu Zamek Sielecki
23%
Największy park (nie las) w Sosnowcu Park Tysiąclecia
22%
Nie znaleziono quizów pasujących do podanych kryteriów
Rozkład punktacji
Procent ludzi z każdym wynikiem
Percentyl według liczby udzielonych odpowiedzi
Twoja historia wyników
Nie rozwiązałeś tego quizu od ostatniego zresetowania